000 00305nam a22001337a 4500
008 170414b xxu||||| |||| 00| 0 eng d
020 _a9780781717533
041 _aeng
080 _a612.39
100 _a10
101 _aSHM
245 _aNUTRITION AND BONE DEVELOPMENT
_cBONJOUR, J.P
942 _2udc
_cBK
999 _c10852
_d10852